| 000 | 00492nam a2200193Ia 4500 | ||
|---|---|---|---|
| 003 | OSt | ||
| 005 | 20230519114239.0 | ||
| 008 | 210423s2002 xx 000 0 und d | ||
| 040 | _cAL | ||
| 041 | _aeng | ||
| 082 |
_a658 _223 _bPRAP |
||
| 100 |
_aPRASAD (L M). _9109628 |
||
| 245 | _aPrinciples and practice of management. | ||
| 250 | _a16 | ||
| 260 |
_aNew Delhi _bSultan Chand & Sons _c2002 |
||
| 365 |
_b205 _cINR |
||
| 906 | _amanagement. ; practice ; Principles | ||
| 942 |
_2ddc _cBK |
||
| 999 |
_c172610 _d172610 |
||